[Event "IV Weekend"]
[Site "Casaleone ITA"]
[Date "2011.06.04"]
[Round "4"]
[White "Boscolo Gnolo, Michele"]
[Black "Bertani, Gianfranco"]
[Result "0-1"]
[WhiteElo "1816"]
[BlackElo "2063"]
[PlyCount "102"]
[EventDate "2011.05.28"]

1. d4 f5 2. g3 Nf6 3. c4 e6 4. Bg2 c6 5. Nh3 Be7 6. O-O O-O 7. b3 a5 8. Bb2 d5
9. Nd2 Na6 10. Nf4 Qe8 11. Nf3 Ne4 12. Ne5 g5 13. Nfd3 b6 14. a3 Bb7 15. cxd5
cxd5 16. Rc1 Bd6 17. Rc2 Qb5 18. f3 Nf6 19. Qd2 h6 20. h4 Nh7 21. hxg5 hxg5 22.
Rc3 Rfc8 23. Rfc1 Qe8 24. e3 Nc7 25. a4 Na6 26. Rxc8 Rxc8 27. Rxc8 Qxc8 28. Qc3
Qe8 29. Bf1 Nb4 30. Nxb4 axb4 31. Qd2 Nf6 32. Bd3 g4 33. f4 Ne4 34. Qh2 Kg7 35.
Bb5 Qe7 36. Qg2 Bxe5 37. fxe5 Ng5 38. Kf1 Kg8 39. Qh2 Kg7 40. Qg2 Nf3 41. Qc2
Kg6 42. Qg2 Qc7 43. Bd3 Qh7 44. Bc1 Qh6 45. Bd2 Nxd2+ 46. Qxd2 Qh1+ 47. Ke2
Qf3+ 48. Ke1 Qxg3+ 49. Kd1 Qg1+ 50. Kc2 g3 51. Qxb4 Qf2+ 0-1

[Event "IV Weekend"]
[Site "Casaleone ITA"]
[Date "2011.06.04"]
[Round "4"]
[White "Faccia, Sergio"]
[Black "Bonini, Roberto"]
[Result "1-0"]
[WhiteElo "2045"]
[BlackElo "1874"]
[PlyCount "121"]
[EventDate "2011.05.28"]

1. e4 c5 2. d4 cxd4 3. c3 dxc3 4. Nxc3 e6 5. Nf3 Bb4 6. Bd3 Ne7 7. O-O Bxc3 8.
bxc3 d5 9. exd5 Qxd5 10. Ba3 Nbc6 11. Qe2 O-O 12. Bb5 e5 13. Bxc6 Nxc6 14. Bxf8
Kxf8 15. Rad1 Qa5 16. Qe4 g6 17. Qe3 Kg7 18. Rd2 Bg4 19. h3 Be6 20. Re1 f6 21.
Red1 Re8 22. Ne1 Re7 23. Nc2 Qxa2 24. Nb4 Qc4 25. Nxc6 bxc6 26. Ra1 c5 27. Rda2
Qd5 28. Rxa7 Rxa7 29. Rxa7+ Bf7 30. Rc7 c4 31. Qa7 g5 32. Rd7 Qe6 33. Qb7 Kg8
34. Re7 Qd5 35. Qc8+ Kg7 36. Rd7 Qe6 37. Qd8 Kg6 38. Re7 Qd5 39. Qxd5 Bxd5 40.
g3 h5 41. Rc7 Kf5 42. Rh7 Ke4 43. Rxh5 Kd3 44. Rh6 Kxc3 45. Rxf6 Kb2 46. Rb6+
Kc2 47. Kf1 Bf3 48. Rf6 e4 49. h4 gxh4 50. gxh4 c3 51. Ke1 Kd3 52. Rd6+ Kc4 53.
Rc6+ Kd3 54. Rd6+ Kc4 55. Rd8 Bg4 56. Re8 Kd3 57. Rd8+ Kc4 58. Rg8 Bf3 59. Rh8
Kd3 60. h5 e3 61. Rd8+ 1-0

[Event "IV Weekend"]
[Site "Casaleone ITA"]
[Date "2011.06.04"]
[Round "4"]
[White "Fiscato, Claudio"]
[Black "Pieropan, Giorgio"]
[Result "1/2-1/2"]
[WhiteElo "1831"]
[BlackElo "1712"]
[PlyCount "28"]
[EventDate "2011.05.28"]

1. e4 e6 2. d4 d5 3. e5 c5 4. c3 Nc6 5. Nf3 Bd7 6. a3 f6 7. Bb5 Qb6 8. Bxc6
bxc6 9. O-O f5 10. Re1 a5 11. dxc5 Bxc5 12. Qe2 Ne7 13. a4 Ng6 14. h4 Qd8
1/2-1/2

[Event "IV Weekend"]
[Site "Casaleone ITA"]
[Date "2011.06.04"]
[Round "4"]
[White "Furnari, Franco"]
[Black "Leone, Cataldo"]
[Result "1/2-1/2"]
[WhiteElo "1929"]
[BlackElo "1602"]
[PlyCount "91"]
[EventDate "2011.05.28"]

1. e4 e5 2. Bc4 Nf6 3. Nc3 d6 4. d3 Nc6 5. Nge2 Be7 6. O-O O-O 7. h3 Na5 8. Bb3
Nxb3 9. axb3 a6 10. f4 exf4 11. Nxf4 h6 12. Nh5 Re8 13. Qf3 Nxh5 14. Qxh5 Be6
15. Nd5 Bg5 16. Bxg5 hxg5 17. Ne3 Rf8 18. Rf2 f6 19. Raf1 Qe8 20. Qe2 c6 21. d4
Qe7 22. d5 Bd7 23. dxc6 Bxc6 24. Qc4+ Kh8 25. Nd5 Qf7 26. Nb6 Rae8 27. Qxf7
Rxf7 28. Rd1 Rxe4 29. Rxd6 Rfe7 30. Nc4 Re2 31. Rd2 Rxd2 32. Rxd2 Kh7 33. Kf2
Kg6 34. Rd6 Re4 35. g3 Bb5 36. Kf3 Re7 37. Ne3 Bc6+ 38. Kf2 Rd7 39. Nc4 Rxd6
40. Nxd6 f5 41. Ke3 Kf6 42. c4 Ke5 43. Nf7+ Kf6 44. Nd6 Ke5 45. Nf7+ Kf6 46.
Nd6 1/2-1/2

[Event "IV Weekend"]
[Site "Casaleone ITA"]
[Date "2011.06.04"]
[Round "4"]
[White "Jimchi, Abdelaziz"]
[Black "Orlandi, Paolo"]
[Result "1-0"]
[WhiteElo "1877"]
[BlackElo "1606"]
[PlyCount "143"]
[EventDate "2011.05.28"]

1. d4 Nf6 2. Nf3 g6 3. Bf4 Bg7 4. Nc3 d5 5. Qd2 O-O 6. Bh6 Nbd7 7. Bxg7 Kxg7 8.
e3 c5 9. Be2 cxd4 10. Qxd4 Nb6 11. h3 Kg8 12. g4 Qc7 13. Rc1 Bd7 14. g5 Ne8 15.
Nxd5 Nxd5 16. Qxd5 Be6 17. Qe5 Nd6 18. b3 Rfc8 19. c4 Qc5 20. Qxc5 Rxc5 21. h4
Rac8 22. Nd4 Bd7 23. O-O a5 24. a3 e5 25. Nf3 e4 26. Nd4 Nb5 27. b4 axb4 28.
axb4 R5c7 29. c5 Nd6 30. Ra1 Nf5 31. Nxf5 Bxf5 32. Rfd1 Kg7 33. Rd6 Rc6 34. Rd4
h6 35. Ra7 R6c7 36. Rd6 Re7 37. Rb6 Rcc7 38. Rd6 hxg5 39. hxg5 Be6 40. Kg2 f5
41. gxf6+ Kxf6 42. Bc4 Kf7 43. Rxe6 Rxe6 44. Kg3 Kf6 45. Bxe6 Kxe6 46. Kf4 Kd5
47. Ra1 Rf7+ 48. Kg3 Rf3+ 49. Kg2 Rf7 50. Rd1+ Ke5 51. Rd6 g5 52. Rd8 Kf5 53.
Re8 Rg7 54. Kg3 Rf7 55. Rc8 Ke5 56. b5 Kd5 57. b6 Kc4 58. Rc7 Rf6 59. c6 Kb5
60. cxb7 Rxb6 61. Rg7 Ka6 62. Kg4 Rb5 63. Rxg5 Rxb7 64. Kf4 Re7 65. Re5 Rf7+
66. Kxe4 Rxf2 67. Rc5 Kb6 68. Rc1 Rb2 69. Kf4 Rb5 70. e4 Rc5 71. Rxc5 Kxc5 72.
Ke5 1-0

[Event "IV Weekend"]
[Site "Casaleone ITA"]
[Date "2011.06.04"]
[Round "4"]
[White "Jirillo, Antonio"]
[Black "Mulone, Gaspare"]
[Result "1-0"]
[WhiteElo "1541"]
[BlackElo "1666"]
[PlyCount "89"]
[EventDate "2011.05.28"]

1. d4 Nf6 2. Bf4 d5 3. Nf3 Nbd7 4. e3 a6 5. Nbd2 c5 6. c3 c4 7. h3 e6 8. Be2
Be7 9. Qc2 O-O 10. g4 Ne8 11. h4 Bd6 12. Ng5 g6 13. h5 Bxf4 14. exf4 Qf6 15.
hxg6 Qxg6 16. Qxg6+ fxg6 17. Rxh7 Rxf4 18. Nxe6 Rxg4 19. Bxg4 Kxh7 20. Nf8+ Kg7
21. Nxd7 Bxd7 22. Bxd7 Nf6 23. Bh3 Rh8 24. Bf1 Rh2 25. Nf3 Rh1 26. O-O-O Ne4
27. Bg2 Rxd1+ 28. Kxd1 Nxf2+ 29. Kc2 Kf6 30. Ne5 Ne4 31. Bxe4 dxe4 32. Nxc4 Kf5
33. Ne3+ Kf4 34. Kd2 g5 35. Ke2 g4 36. d5 Ke5 37. Nxg4+ Kxd5 38. Ke3 Kc5 39.
Kxe4 Kc4 40. Ne3+ Kc5 41. b4+ Kd6 42. Kd4 Kc6 43. a3 a5 44. c4 axb4 45. axb4
1-0

[Event "IV Weekend"]
[Site "Casaleone ITA"]
[Date "2011.06.04"]
[Round "4"]
[White "Molina, Fabrizio"]
[Black "Caldonazzo, Matteo"]
[Result "1-0"]
[WhiteElo "2236"]
[BlackElo "1976"]
[PlyCount "61"]
[EventDate "2011.05.28"]

1. Nf3 Nf6 2. c4 e6 3. g3 d5 4. Bg2 Be7 5. O-O O-O 6. d4 b6 7. Qc2 c5 8. Rd1
Bb7 9. Nc3 Nbd7 10. cxd5 exd5 11. Bf4 Rc8 12. dxc5 Nxc5 13. Qf5 Nce4 14. Nxe4
Nxe4 15. Nd4 Rc5 16. Nb3 Rc4 17. Nd2 Bc8 18. Qh5 Nf6 19. Qe5 Ng4 20. Qxd5 Qxd5
21. Bxd5 Rc2 22. Bb3 Rxb2 23. h3 g5 24. Bc7 Bf6 25. Rac1 Ne5 26. Ne4 Kg7 27.
Nxf6 Kxf6 28. Rd8 Bxh3 29. Rxf8 Ke7 30. Bxe5 Rxe2 31. Rxf7+ 1-0

[Event "IV Weekend"]
[Site "Casaleone ITA"]
[Date "2011.06.04"]
[Round "4"]
[White "Rossi, Gianni"]
[Black "Negro, Raffaele"]
[Result "0-1"]
[WhiteElo "1813"]
[BlackElo "1903"]
[PlyCount "96"]
[EventDate "2011.05.28"]

1. d4 g6 2. e4 Bg7 3. Nc3 d6 4. Be3 a6 5. Qd2 b5 6. a4 b4 7. Nce2 a5 8. Ng3 Bb7
9. f3 Nd7 10. Bb5 c6 11. Bd3 Qc7 12. N1e2 h5 13. h4 e6 14. O-O-O Ne7 15. f4 c5
16. dxc5 Nxc5 17. Bb5+ Bc6 18. Bxc6+ Qxc6 19. Bxc5 dxc5 20. b3 O-O 21. Qd7 Qxd7
22. Rxd7 Nc6 23. e5 Bh6 24. Ne4 Nxe5 25. Rc7 Rfc8 26. Rxc5 Rxc5 27. Nxc5 Rc8
28. Nb7 Nd3+ 29. Kb1 Nxf4 30. Nxf4 Bxf4 31. Nxa5 f5 32. Nc4 e5 33. Rd1 e4 34.
a5 Bg3 35. Rd7 Bxh4 36. Nb6 Rd8 37. a6 Rxd7 38. Nxd7 Bf2 39. Kc1 Bd4 40. Nb8 f4
41. Kd1 h4 42. Ke2 f3+ 43. Kf1 fxg2+ 44. Kxg2 h3+ 45. Kg3 Be5+ 46. Kxh3 Bxb8
47. Kg4 e3 48. Kf3 Ba7 0-1

[Event "IV Weekend"]
[Site "Casaleone ITA"]
[Date "2011.06.04"]
[Round "4"]
[White "Xia, Jie"]
[Black "Pisani, Valerio"]
[Result "1-0"]
[WhiteElo "2224"]
[BlackElo "1720"]
[PlyCount "45"]
[EventDate "2011.05.28"]

1. e4 e6 2. Qe2 Nc6 3. Nf3 g6 4. d4 Bg7 5. c3 d5 6. e5 h6 7. h4 Bd7 8. Bf4 Nge7
9. Nbd2 Na5 10. b4 Nac6 11. Nb3 b6 12. Qd2 a5 13. b5 Na7 14. a4 c6 15. bxc6
Naxc6 16. Bd3 Bc8 17. Qe2 Bd7 18. h5 g5 19. Bc1 Qc7 20. O-O O-O-O 21. Ba3 f6
22. Bd6 Qa7 23. Ba6+ 1-0

[Event "IV Weekend"]
[Site "Casaleone ITA"]
[Date "2011.06.04"]
[Round "4"]
[White "Zonta, Riccardo"]
[Black "Magnabosco, Mauro Denis"]
[Result "0-1"]
[WhiteElo "1633"]
[BlackElo "1554"]
[PlyCount "80"]
[EventDate "2011.05.28"]

1. e4 c5 2. b4 cxb4 3. d4 g6 4. Nf3 Bg7 5. Bb2 Nf6 6. Nbd2 d6 7. Bc4 O-O 8. O-O
Qc7 9. Bb3 Nbd7 10. Re1 b6 11. Nf1 Bb7 12. Ng3 a5 13. a4 bxa3 14. Rxa3 b5 15.
Ra1 a4 16. Ba2 Rfb8 17. Rc1 b4 18. Ba1 e6 19. h3 Ra7 20. Qd2 Ba8 21. c4 b3 22.
Bb1 a3 23. Bc3 b2 24. Rcd1 a2 25. Bxb2 axb1=Q 26. Rxb1 Rab7 27. c5 dxc5 28.
dxc5 Nxe4 29. Nxe4 Rxb2 30. Rxb2 Rxb2 31. Qe3 Bxe4 32. Qxe4 Qxc5 33. Re3 Bh6
34. Re2 Rxe2 35. Qxe2 Bg7 36. Qd3 Ne5 37. Qd8+ Bf8 38. Qd1 Bd6 39. Qe2 Nxf3+
40. Qxf3 Qc1+ 0-1

[Event "IV Weekend"]
[Site "Casaleone ITA"]
[Date "2011.06.05"]
[Round "5"]
[White "Adami, Antonio"]
[Black "Steccanella, Willi"]
[Result "0-1"]
[WhiteElo "1710"]
[BlackElo "1869"]
[PlyCount "76"]
[EventDate "2011.05.28"]

1. d4 d5 2. e4 e6 3. exd5 exd5 4. Bd3 Bd6 5. Qf3 Nf6 6. h3 Be6 7. Ne2 c5 8. c3
Nbd7 9. Bf4 Qb6 10. b3 O-O 11. Bxd6 Qxd6 12. O-O Rfe8 13. Nd2 Re7 14. Qg3 Qc6
15. a4 c4 16. Bc2 Bxh3 17. Nf4 Be6 18. b4 Ne4 19. Nxe4 dxe4 20. b5 Qd6 21. Bxe4
Nf6 22. Nh5 Qxg3 23. Nxf6+ gxf6 24. fxg3 Bg4 25. Rfe1 Rae8 26. Bxh7+ Kxh7 27.
Rf1 f5 28. a5 Re3 29. Rfc1 Rxg3 30. Kf2 Rd3 31. Ra4 Re2+ 32. Kf1 Rdd2 33. Rxc4
Rf2+ 34. Kg1 Rxg2+ 35. Kf1 Rh2 36. Kg1 Rdg2+ 37. Kf1 Be2+ 38. Ke1 Bxc4 0-1

[Event "IV Weekend"]
[Site "Casaleone ITA"]
[Date "2011.06.05"]
[Round "5"]
[White "Bertani, Gianfranco"]
[Black "Guerra, Alessandro"]
[Result "0-1"]
[WhiteElo "2063"]
[BlackElo "2225"]
[PlyCount "100"]
[EventDate "2011.05.28"]

1. Nf3 Nf6 2. d3 d5 3. Nbd2 Nc6 4. d4 Bf5 5. e3 Nb4 6. Bb5+ c6 7. Ba4 Qa5 8.
Bb3 Qa6 9. a3 c5 10. dxc5 e6 11. Nd4 Nc6 12. Nxf5 exf5 13. Qf3 Rd8 14. Qxf5
Bxc5 15. Qd3 Qb6 16. O-O O-O 17. Qf5 Rfe8 18. Nf3 Re4 19. Bd2 h6 20. Bc3 Ne7
21. Qh3 Ng6 22. Bxf6 Qxf6 23. c3 Qb6 24. Bc2 Re6 25. b4 Be7 26. Nd4 Re5 27. f4
Re4 28. Bxe4 dxe4 29. Qf5 Bf6 30. Qxe4 Ne7 31. Rac1 Nd5 32. Rf3 Qa6 33. Qc2
Qxa3 34. e4 Nxb4 35. Qd1 Na2 36. Rc2 Nxc3 37. Rfxc3 Bxd4+ 38. Kh1 Bxc3 39.
Qxd8+ Kh7 40. h3 b5 41. Qc7 Bd4 42. Qc8 g6 43. f5 g5 44. f6 Bxf6 45. e5 Qa1+
46. Rc1 Qxe5 47. Qb7 Kg6 48. h4 Qf4 49. h5+ Kg7 50. Qc7 Be5 0-1

[Event "IV Weekend"]
[Site "Casaleone ITA"]
[Date "2011.06.05"]
[Round "5"]
[White "Bonini, Roberto"]
[Black "Benedetti, Maurizio"]
[Result "1-0"]
[WhiteElo "1874"]
[BlackElo "1752"]
[PlyCount "67"]
[EventDate "2011.05.28"]

1. e4 d6 2. d4 Nf6 3. Nc3 g6 4. Be2 Bg7 5. f4 c5 6. dxc5 Qa5 7. Bf3 Nxe4 8.
Bxe4 Bxc3+ 9. bxc3 Qxc3+ 10. Bd2 Qxc5 11. Rb1 Nc6 12. Nf3 Qc4 13. Bd3 Qe6+ 14.
Kf2 O-O 15. a3 Qf6 16. Re1 e5 17. fxe5 Nxe5 18. Bg5 Nxd3+ 19. Qxd3 Qf5 20. Qxf5
Bxf5 21. Nd4 f6 22. Bh6 Rfc8 23. Rxb7 Re8 24. Rg7+ Kh8 25. Rge7 Rxe7 26. Rxe7
Rc8 27. Nxf5 Rxc2+ 28. Re2 Rxe2+ 29. Kxe2 gxf5 30. Ke3 Kg8 31. Kf4 Kf7 32. Kxf5
d5 33. Be3 a6 34. Bd4 1-0

[Event "IV Weekend"]
[Site "Casaleone ITA"]
[Date "2011.06.05"]
[Round "5"]
[White "Caldonazzo, Matteo"]
[Black "Molinaroli, Giacomo"]
[Result "1/2-1/2"]
[WhiteElo "1976"]
[BlackElo "1852"]
[PlyCount "39"]
[EventDate "2011.05.28"]

1. Nf3 d5 2. d4 Nf6 3. e3 e6 4. Bd3 c5 5. b3 Nc6 6. O-O Bd6 7. Bb2 cxd4 8. exd4
O-O 9. Nbd2 b6 10. a3 Bb7 11. Re1 Rc8 12. Ne5 Ne7 13. f4 Ng6 14. Qf3 Re8 15. f5
exf5 16. Qxf5 Rc7 17. Kh1 Rce7 18. Ndf3 Qc7 19. Re2 Bc8 20. Qg5 1/2-1/2

[Event "IV Weekend"]
[Site "Casaleone ITA"]
[Date "2011.06.05"]
[Round "5"]
[White "Cavalleri, Giuseppe"]
[Black "Fiscato, Claudio"]
[Result "0-1"]
[WhiteElo "1819"]
[BlackElo "1831"]
[PlyCount "92"]
[EventDate "2011.05.28"]

1. d4 Nf6 2. c4 g6 3. Nc3 Bg7 4. e4 d6 5. Nf3 O-O 6. Be2 e5 7. d5 a5 8. O-O Na6
9. h3 Bd7 10. Bg5 h6 11. Bh4 Qe8 12. Qd2 Kh7 13. Rfe1 Nc5 14. Bd1 Nh5 15. Nh2
Nf4 16. Bg3 g5 17. Bxf4 exf4 18. Bc2 Be5 19. Rad1 h5 20. Qe2 f6 21. Nf3 g4 22.
Nxe5 fxe5 23. h4 g3 24. fxg3 Bg4 25. Qf2 Bxd1 26. Rxd1 Qg6 27. gxf4 Rxf4 28.
Qe3 Rg8 29. Qh3 Rxh4 30. Qf5 Rf4 31. Qxg6+ Rxg6 32. Rf1 Rgf6 33. Rxf4 Rxf4 34.
g3 Rf7 35. Kg2 Kh6 36. Nd1 Nd7 37. Ne3 Kg5 38. Nf5 Nf6 39. a3 Nxe4 40. Bxe4
Rxf5 41. b4 axb4 42. axb4 Rf7 43. c5 Rf8 44. b5 dxc5 45. d6 cxd6 46. Bxb7 c4
0-1

[Event "IV Weekend"]
[Site "Casaleone ITA"]
[Date "2011.06.05"]
[Round "5"]
[White "Faccia, Sergio"]
[Black "Molina, Fabrizio"]
[Result "1-0"]
[WhiteElo "2045"]
[BlackElo "2236"]
[PlyCount "67"]
[EventDate "2011.05.28"]

1. e4 d6 2. d4 Nf6 3. Nc3 Nbd7 4. Nf3 e5 5. dxe5 dxe5 6. Bc4 Be7 7. Ng5 O-O 8.
Bxf7+ Rxf7 9. Ne6 Qe8 10. Nxc7 Qd8 11. Nxa8 b6 12. Nd5 Bc5 13. Be3 Bxe3 14.
Nxe3 Bb7 15. Nxb6 Qxb6 16. O-O Nxe4 17. Qe2 Nf8 18. c4 Ng5 19. Nd5 Qg6 20. Kh1
Nd7 21. f4 Bxd5 22. fxg5 Be6 23. Rxf7 Qxf7 24. Rf1 Qe7 25. Qe4 Qc5 26. Qa8+ Nf8
27. b3 a5 28. Qe8 a4 29. h4 axb3 30. axb3 g6 31. Rxf8+ Kg7 32. Rf6 Bg8 33. Rc6
Qe3 34. Qe7+ 1-0

[Event "IV Weekend"]
[Site "Casaleone ITA"]
[Date "2011.06.05"]
[Round "5"]
[White "Jirillo, Antonio"]
[Black "Rossi, Gianni"]
[Result "0-1"]
[WhiteElo "1541"]
[BlackElo "1813"]
[PlyCount "90"]
[EventDate "2011.05.28"]

1. d4 Nf6 2. Bf4 d6 3. Nf3 g6 4. c4 Bg7 5. Nc3 O-O 6. Qc1 Re8 7. Bh6 Bh8 8. h3
c5 9. d5 e6 10. Bg5 Qa5 11. Qf4 Nh5 12. Qd2 a6 13. g4 Nf6 14. Bg2 b5 15. O-O b4
16. Qf4 e5 17. Qc1 bxc3 18. Bxf6 Bxf6 19. bxc3 Nd7 20. g5 Bg7 21. e4 Nb6 22.
Nd2 Qa4 23. h4 Nxc4 24. h5 Nxd2 25. Qxd2 f5 26. gxf6 Bxf6 27. hxg6 hxg6 28. Qh6
Kf7 29. Qe3 Bg4 30. f4 Qc4 31. fxe5 Rxe5 32. Rab1 Re7 33. Qh6 Rg8 34. Qg5 Qxc3
35. Rxf6+ Qxf6 36. Rf1 Bf5 37. Qxf6+ Kxf6 38. exf5 gxf5 39. Kf2 Reg7 40. Bf3
Rb8 41. a4 Rb2+ 42. Be2 Re7 43. Re1 Rexe2+ 44. Rxe2 Rxe2+ 45. Kxe2 Ke5 0-1

[Event "IV Weekend"]
[Site "Casaleone ITA"]
[Date "2011.06.05"]
[Round "5"]
[White "Leone, Cataldo"]
[Black "Boscolo Gnolo, Michele"]
[Result "0-1"]
[WhiteElo "1602"]
[BlackElo "1816"]
[PlyCount "104"]
[EventDate "2011.05.28"]

1. e4 Nf6 2. e5 Nd5 3. d4 d6 4. Nf3 Bg4 5. c4 Nb6 6. Nbd2 dxe5 7. dxe5 Nc6 8.
h3 Bxf3 9. Nxf3 Qxd1+ 10. Kxd1 e6 11. Bg5 Nd7 12. Bf4 g6 13. Bd3 Bg7 14. Re1
O-O 15. a3 h6 16. Kc2 Rad8 17. Rad1 Nc5 18. Bf1 Rxd1 19. Rxd1 Rd8 20. Rxd8+
Nxd8 21. b4 Nd7 22. Kd3 Nc6 23. Ke4 Kf8 24. c5 Ne7 25. Nd4 c6 26. Bc4 a5 27.
Nb3 axb4 28. axb4 Ke8 29. g4 Kd8 30. Bg3 Nd5 31. Bxd5 exd5+ 32. Kd4 Nf8 33. f4
Ne6+ 34. Kd3 Kd7 35. f5 Ng5 36. h4 Ne4 37. f6 Bf8 38. Be1 Kc7 39. Ke3 b6 40.
cxb6+ Kxb6 41. Nd4 c5 42. bxc5+ Bxc5 43. Kd3 Kc7 44. Nf3 Kd7 45. g5 hxg5 46.
Nxg5 Nxg5 47. hxg5 Ke6 48. Bc3 Bf2 49. Bd4 Bg3 50. Ke3 Bxe5 51. Bc5 Kf5 52. Kf3
Kxg5 0-1

[Event "IV Weekend"]
[Site "Casaleone ITA"]
[Date "2011.06.05"]
[Round "5"]
[White "Magnabosco, Mauro Denis"]
[Black "Turazza, Silvia"]
[Result "1-0"]
[WhiteElo "1554"]
[BlackElo "1731"]
[PlyCount "65"]
[EventDate "2011.05.28"]

1. e4 c5 2. Nf3 Nc6 3. Bc4 g6 4. Nc3 Bg7 5. a3 e6 6. Nb5 d6 7. d3 Nge7 8. O-O
O-O 9. Rb1 a6 10. Nc3 f5 11. exf5 Nxf5 12. Re1 d5 13. Bg5 Bf6 14. Bxf6 Rxf6 15.
Bb3 b6 16. Qd2 Qd6 17. Ne2 Bb7 18. Nf4 Nfd4 19. Nxd4 Nxd4 20. Nh3 Qc6 21. Qh6
c4 22. Ng5 Qd7 23. dxc4 Nf5 24. Qh3 h6 25. Nf3 dxc4 26. Ne5 Qd6 27. Rbd1 Qc5
28. Nd7 Qe7 29. Nxf6+ Qxf6 30. Bxc4 Bd5 31. Rxd5 Rc8 32. Rxf5 gxf5 33. Bxe6+
1-0

[Event "IV Weekend"]
[Site "Casaleone ITA"]
[Date "2011.06.05"]
[Round "5"]
[White "Morandini, Alessandro"]
[Black "Zonta, Riccardo"]
[Result "0-1"]
[WhiteElo "1308"]
[BlackElo "1633"]
[PlyCount "94"]
[EventDate "2011.05.28"]

1. d4 d5 2. Nf3 Nf6 3. e3 Bf5 4. c4 e6 5. Qb3 Qc8 6. c5 c6 7. Be2 Nbd7 8. O-O
Be7 9. Nbd2 h6 10. Nh4 Bh7 11. f4 O-O 12. Nhf3 Rb8 13. Ne5 b6 14. Nxd7 Nxd7 15.
cxb6 axb6 16. Qc3 c5 17. Bd3 Bxd3 18. Qxd3 c4 19. Qc3 Nf6 20. h3 Qc7 21. b3 b5
22. b4 Ra8 23. a3 Rfc8 24. Rf3 Bf8 25. Bb2 Nd7 26. e4 Nb6 27. e5 Na4 28. Qc2
Nxb2 29. Nf1 c3 30. Ng3 Qc4 31. Nh5 Qxd4+ 32. Kh2 Qe4 33. Qf2 Nd3 34. Qg3 Qg6
35. Rxd3 Qxg3+ 36. Rxg3 Rc4 37. Nf6+ Kh8 38. Nh5 d4 39. Rf1 Rxa3 40. f5 Ra8 41.
fxe6 Rc7 42. Rxf7 Rxf7 43. exf7 c2 44. Nf6 c1=Q 45. Nd7 Qe1 46. Nxf8 Rxf8 47.
Rxg7 Qxe5+ 0-1

[Event "IV Weekend"]
[Site "Casaleone ITA"]
[Date "2011.06.05"]
[Round "5"]
[White "Mulone, Gaspare"]
[Black "Bellini, Luca"]
[Result "0-1"]
[WhiteElo "1666"]
[BlackElo "1705"]
[PlyCount "78"]
[EventDate "2011.05.28"]

1. e4 c5 2. Nf3 Nc6 3. c3 d6 4. h3 Nf6 5. Bd3 g6 6. Bc2 Bg7 7. d3 O-O 8. Be3 b5
9. O-O b4 10. c4 Nd7 11. Bc1 Nd4 12. Nxd4 Bxd4 13. Nd2 Ne5 14. Nb3 Nc6 15. Nxd4
Nxd4 16. Ba4 e5 17. Bh6 f5 18. Bxf8 Qxf8 19. exf5 Bxf5 20. Qd2 Bxh3 21. f4 Qh6
22. Qf2 Bg4 23. fxe5 Ne2+ 24. Qxe2 Bxe2 25. Rf2 Bxd3 26. exd6 Rd8 27. d7 Qe3
28. Rd1 Bxc4 29. b3 Be6 30. Kf1 Bg4 31. Re1 Qd3+ 32. Kg1 Bxd7 33. Bxd7 Rxd7 34.
Re8+ Kg7 35. Rfe2 Qd4+ 36. Kf1 Rf7+ 37. Ke1 Qc3+ 38. Rd2 Qc1+ 39. Ke2 Qf1+ 0-1

[Event "IV Weekend"]
[Site "Casaleone ITA"]
[Date "2011.06.05"]
[Round "5"]
[White "Negro, Raffaele"]
[Black "Xia, Jie"]
[Result "0-1"]
[WhiteElo "1903"]
[BlackElo "2224"]
[PlyCount "104"]
[EventDate "2011.05.28"]

1. d4 Nf6 2. Nf3 g6 3. Nc3 c5 4. d5 d6 5. e4 Bg7 6. Be3 O-O 7. Qd2 a6 8. a4 Qa5
9. Bh6 Bg4 10. Bxg7 Kxg7 11. Ng5 h6 12. h3 Bc8 13. Nf3 Nbd7 14. Bd3 Qb4 15. b3
Ne5 16. Nxe5 dxe5 17. a5 Bd7 18. Na4 Qxd2+ 19. Kxd2 Bxa4 20. Rxa4 Ne8 21. b4
cxb4 22. Rxb4 Nd6 23. c4 Rfc8 24. Rc1 Rc5 25. Ra4 f5 26. exf5 gxf5 27. f3 Kf6
28. g4 e4 29. fxe4 fxe4 30. Bf1 Ke5 31. Ke3 Rf8 32. Bg2 h5 33. gxh5 Rg8 34. Kf2
Rg5 35. Rc3 Rxh5 36. Re3 Rh4 37. Bf1 Rf4+ 38. Ke1 Kd4 39. Rg3 Ke5 40. Rc3 Rc8
41. Be2 Rc5 42. Rg3 Rh4 43. Kd2 Kd4 44. Rc3 e3+ 45. Rxe3 Ne4+ 46. Rxe4+ Rxe4
47. Bf3 Re3 48. Bg2 Rg3 49. Bf1 Rc8 50. Rb4 Rf8 51. Be2 Rf2 52. Rxb7 Re3 0-1

[Event "IV Weekend"]
[Site "Casaleone ITA"]
[Date "2011.06.05"]
[Round "5"]
[White "Pieropan, Giorgio"]
[Black "Adami, Alessandro"]
[Result "1-0"]
[WhiteElo "1712"]
[BlackElo "1688"]
[PlyCount "89"]
[EventDate "2011.05.28"]

1. Nf3 f5 2. b3 Nf6 3. Bb2 g6 4. e3 Bg7 5. c4 d6 6. d4 c6 7. Qc2 O-O 8. Nbd2 a5
9. Be2 Na6 10. a3 Qe8 11. O-O Nd7 12. Rfe1 e5 13. e4 f4 14. c5 dxc5 15. Bxa6
Rxa6 16. dxc5 Qe7 17. Rec1 g5 18. h3 h5 19. Nh2 Nf6 20. Nc4 Qxc5 21. Nd2 Qxc2
22. Rxc2 g4 23. hxg4 hxg4 24. Nc4 Nxe4 25. Bxe5 g3 26. fxg3 fxg3 27. Nf3 Bg4
28. Bxg7 Kxg7 29. Re1 Nf2 30. Re7+ Kf6 31. Rxb7 Rh8 32. Kf1 Rh1+ 33. Ng1 Ra8
34. Ne3 Re8 35. Rxf2+ gxf2 36. Nxg4+ Kg6 37. Nxf2 Rf8 38. Ra7 Rf5 39. g4 Rf3
40. Kg2 Rxf2+ 41. Kxf2 Rh8 42. Rxa5 Rf8+ 43. Kg3 Rd8 44. Nf3 Rd3 45. Kf4 1-0

[Event "IV Weekend"]
[Site "Casaleone ITA"]
[Date "2011.06.05"]
[Round "5"]
[White "Pisani, Valerio"]
[Black "Furnari, Franco"]
[Result "0-1"]
[WhiteElo "1720"]
[BlackElo "1929"]
[PlyCount "56"]
[EventDate "2011.05.28"]

1. Nc3 Nf6 2. d4 g6 3. e4 d6 4. Nf3 Bg7 5. h3 O-O 6. Be3 e6 7. Qd2 Nc6 8. Be2
a6 9. a4 e5 10. d5 Ne7 11. Rd1 Bd7 12. O-O Ne8 13. Bh6 f5 14. Nh2 f4 15. Bxg7
Kxg7 16. Bg4 Nf6 17. Bxd7 Qxd7 18. Nf3 h6 19. Kh2 g5 20. Rg1 Ng6 21. Qe2 g4 22.
Nd2 Kh7 23. hxg4 Nxg4+ 24. Kh1 Nh4 25. Nf3 Qe7 26. Rd3 Nxf3 27. gxf3 Qh4+ 28.
Kg2 Nh2 0-1

[Event "IV Weekend"]
[Site "Casaleone ITA"]
[Date "2011.06.05"]
[Round "6"]
[White "Adami, Alessandro"]
[Black "Magnabosco, Mauro Denis"]
[Result "1-0"]
[WhiteElo "1688"]
[BlackElo "1554"]
[PlyCount "63"]
[EventDate "2011.05.28"]

1. e4 c5 2. Nc3 Nc6 3. g3 g6 4. Bg2 Bg7 5. d3 d6 6. Be3 Nf6 7. h3 Qb6 8. Rb1
O-O 9. Qd2 Qa5 10. Nge2 Rb8 11. O-O e5 12. Bh6 Nd4 13. Bxg7 Kxg7 14. f4 Bd7 15.
f5 Ba4 16. Rbc1 Bd7 17. g4 h6 18. Ng3 Nh7 19. f6+ Nxf6 20. Rxf6 Qd8 21. Nh5+
Kh7 22. Rcf1 Be6 23. Nd5 Bxd5 24. exd5 Qe7 25. Be4 Qd7 26. Kg2 Rbd8 27. c3 Nb5
28. g5 Qe7 29. gxh6 Nc7 30. Qg5 Ne8 31. Bxg6+ fxg6 32. Qxg6+ 1-0

[Event "IV Weekend"]
[Site "Casaleone ITA"]
[Date "2011.06.05"]
[Round "6"]
[White "Avanzini, Angelo"]
[Black "Jirillo, Antonio"]
[Result "1/2-1/2"]
[WhiteElo "1485"]
[BlackElo "1541"]
[PlyCount "119"]
[EventDate "2011.05.28"]

1. d4 d5 2. c4 Bf5 3. Nc3 e6 4. Nf3 Nf6 5. Bg5 Be7 6. e3 c6 7. Bd3 Bxd3 8. Qxd3
Nbd7 9. cxd5 cxd5 10. O-O a6 11. Rfe1 h6 12. Bf4 Nh5 13. Be5 Nhf6 14. h3 Bb4
15. Bh2 Ne4 16. a3 Bxc3 17. bxc3 Rc8 18. Rec1 Rc4 19. Nd2 Nxd2 20. Qxd2 Nf6 21.
f3 O-O 22. Rcb1 Qc8 23. Rb3 Qc6 24. Rab1 b5 25. Bg3 Rc8 26. Be1 Nd7 27. e4 Nb6
28. Qe3 Ra4 29. Ra1 Rc4 30. e5 Na4 31. Rc1 Qc7 32. g4 Qe7 33. h4 f6 34. f4 fxe5
35. fxe5 Rf8 36. Rc2 Rcc8 37. h5 Rf7 38. Rb1 Rcf8 39. Rf2 Qh4 40. Rxf7 Qxg4+
41. Qg3 Qxg3+ 42. Bxg3 Rxf7 43. Rf1 Rxf1+ 44. Kxf1 Nxc3 45. Be1 Ne4 46. Kg2 Kf7
47. Kf3 g6 48. hxg6+ Kxg6 49. Kg4 h5+ 50. Kf4 h4 51. Bxh4 Nc3 52. Be1 Ne2+ 53.
Ke3 Nc1 54. Kd2 Nb3+ 55. Kc3 Na5 56. Kb4 Nc4 57. Bc3 a5+ 58. Kxb5 Nxa3+ 59.
Kxa5 Kf5 60. Kb6 1/2-1/2